[Event "SW Oberhausen 1 - SV Rochade Eving 1"]
[Site "Verbandsklasse - Gr. 2 2019/2"]
[Date "2020.01.19"]
[Round "5.2"]
[White "Hortolani, Sven-Holger"]
[Black "Michalek, Franz"]
[Result "1/2-1/2"]
[WhiteElo "2040"]
[BlackElo "1908"]
[PlyCount "123"]
[EventDate "2020.??.??"]
[WhiteTeam "SW Oberhausen 1"]
[BlackTeam "SV Rochade Eving 1"]

1. Nf3 d5 2. g3 c6 3. b3 Nf6 4. Bb2 g6 5. Bg2 Bg7 6. O-O O-O 7. c4 Nbd7 8. d3
Re8 9. Nbd2 e5 10. e4 d4 11. b4 b6 12. Ne1 Nf8 13. h3 Nh5 14. c5 Be6 15. Kh2
bxc5 16. bxc5 Qa5 17. Nb3 Qb5 18. Qd2 Reb8 19. Nc2 a5 20. Rfb1 a4 21. Nc1 Qxc5
22. Ba3 Qa7 23. Nb4 Rb6 24. Nc2 Nd7 25. Rxb6 Qxb6 26. Ne2 Bf8 27. Bxf8 Nxf8 28.
f4 f6 29. g4 Ng7 30. Na3 Qc5 31. Nc4 Bxc4 32. Rc1 Qa5 33. Qxa5 Rxa5 34. Rxc4 c5
35. fxe5 fxe5 36. Ng1 Nge6 37. Bf3 Nd7 38. Bd1 Nb6 39. Rc2 Rb5 40. Nf3 Nd7 41.
Rd2 Ra5 42. Rb2 Nf4 43. Rb7 Nf8 44. Nxe5 N8e6 45. h4 Ra6 46. Kg3 Nd8 47. Rb8
Nfe6 48. g5 Kf8 49. Nd7+ Ke7 50. Nf6 h5 51. Nd5+ Kd6 52. Nf4 Nxf4 53. Kxf4 Kc7
54. Rb1 Nc6 55. a3 Ra8 56. Kg3 Ne5 57. Bc2 Rf8 58. Rb5 Kd6 59. Rb6+ Ke7 60.
Rb7+ Kd6 61. Rb6+ Ke7 62. Rb7+ 1/2-1/2

[Event "SW Oberhausen 1 - SV Rochade Eving 1"]
[Site "Verbandsklasse - Gr. 2 2019/2"]
[Date "2020.01.19"]
[Round "5.3"]
[White "Pahne, Dirk"]
[Black "Schwerdtfeger, Joachim"]
[Result "0-1"]
[WhiteElo "1902"]
[BlackElo "1862"]
[Annotator "Daniel"]
[PlyCount "62"]
[EventDate "2020.??.??"]
[WhiteTeam "SV Rochade Eving 1"]
[BlackTeam "SW Oberhausen 1"]

1. e4 e5 2. Nf3 Nc6 3. Bb5 a6 4. Ba4 Nf6 5. d3 b5 6. Bb3 Be7 7. Bd5 Nxd5 8.
exd5 Nb4 9. c4 bxc4 10. dxc4 e4 11. Ne5 Bf6 12. a3 Bxe5 13. axb4 Rb8 14. Qa4
O-O 15. Nc3 Qh4 16. Be3 f5 17. O-O-O Qf6 18. Qb3 d6 19. Bd2 $11 Bd7 20. g3 Kh8
21. Ne2 c5 22. dxc6 Bxc6 23. Rhe1 Rfc8 24. Bc3 d5 25. cxd5 Bb5 26. Kb1 Bd3+ 27.
Rxd3 exd3 28. Bxe5 Qxe5 29. Qxd3 Rxb4 30. Qd2 Qe4+ 31. Ka2 Ra4+ 0-1

[Event "SW Oberhausen 1 - SV Rochade Eving 1"]
[Site "Verbandsklasse - Gr. 2 2019/2"]
[Date "2020.01.19"]
[Round "5.4"]
[White "Matthes, Severin Johannes"]
[Black "Sprungala, Erik"]
[Result "0-1"]
[WhiteElo "1847"]
[BlackElo "1833"]
[PlyCount "90"]
[EventDate "2020.??.??"]
[WhiteTeam "SW Oberhausen 1"]
[BlackTeam "SV Rochade Eving 1"]

1. d4 Nf6 2. c4 e6 3. Nf3 d5 4. g3 Be7 5. Bg2 O-O 6. O-O dxc4 7. Qc2 a6 8. a4
Bd7 9. Nbd2 c5 10. dxc5 Bxc5 11. e4 Nc6 12. e5 Nd5 13. Ne4 Ncb4 14. Qxc4 Be7
15. Qe2 h6 16. Bd2 Qb6 17. Rfc1 Rac8 18. Nc3 Bc6 19. a5 Qa7 20. Ne1 Rfd8 21.
Qg4 Kh8 22. Nxd5 Nxd5 23. Qh5 Kg8 24. Bxh6 gxh6 25. Rc4 Ne3 26. fxe3 Qxe3+ 27.
Kh1 Rd4 28. Rxd4 Qxd4 29. Rd1 Qxb2 30. Bxc6 Rxc6 31. Nd3 Qd4 32. Qf3 Bg5 33.
Rf1 Qd5 34. Qxd5 exd5 35. Nb4 Rc5 36. Rd1 Rxa5 37. Nxd5 Rc5 38. h4 Rc1 39. Nf6+
Kg7 40. Ne8+ Kg6 41. Rxc1 Bxc1 42. Nd6 b5 43. Kg2 b4 44. g4 b3 45. h5+ Kg7 0-1

[Event "SW Oberhausen 1 - SV Rochade Eving 1"]
[Site "Verbandsklasse - Gr. 2 2019/2"]
[Date "2020.01.19"]
[Round "5.5"]
[White "Krause, Dieter"]
[Black "Kyas, Jens-Stefan"]
[Result "1/2-1/2"]
[WhiteElo "1837"]
[BlackElo "1840"]
[PlyCount "139"]
[EventDate "2020.??.??"]
[WhiteTeam "SV Rochade Eving 1"]
[BlackTeam "SW Oberhausen 1"]

1. d4 f5 2. g3 Nf6 3. Bg2 e6 4. Nf3 d5 5. O-O Bd6 6. c4 c6 7. b3 Nbd7 8. Bb2
O-O 9. Nbd2 Ne4 10. Ne5 Nxe5 11. dxe5 Bc5 12. Nf3 Qb6 13. Bd4 Bxd4 14. Qxd4 c5
15. Qd3 Rd8 16. Qc2 Bd7 17. Nd2 Nxd2 18. Qxd2 Bc6 19. cxd5 Bxd5 20. Qe3 Bxg2
21. Kxg2 Qc6+ 22. f3 Rd5 23. Rfd1 Rad8 24. Rxd5 Rxd5 25. Rc1 Qc7 26. f4 Qa5 27.
Kf2 b6 28. a4 Rd4 29. Rc2 Qb4 30. Rc3 Re4 31. Qd3 Rd4 32. Qe3 Kf7 33. Rd3 Ke7
34. Qf3 Rxd3 35. Qxd3 Qd4+ 36. Kf3 Qxd3+ 37. exd3 h5 38. h3 g6 39. g4 h4 40.
gxf5 gxf5 41. Ke3 Kd7 42. d4 Kc6 43. Kd3 Kd5 44. dxc5 Kxc5 45. Kc3 a5 46. b4+
axb4+ 47. Kb3 Kd4 48. Kxb4 Ke4 49. Kb5 Kxf4 50. Kxb6 Kxe5 51. a5 f4 52. a6 f3
53. a7 f2 54. a8=Q f1=Q 55. Qh8+ Qf6 56. Qh5+ Kf4 57. Qg4+ Ke3 58. Qg1+ Qf2 59.
Qg5+ Kd3+ 60. Kc6 Qf3+ 61. Kd6 Qg3+ 62. Qe5 Qxe5+ 63. Kxe5 Ke3 64. Kxe6 Kf4 65.
Kd5 Ke3 66. Ke5 Kf3 67. Kf5 Kg3 68. Ke4 Kxh3 69. Kf3 Kh2 70. Kf2 1/2-1/2

[Event "SW Oberhausen 1 - SV Rochade Eving 1"]
[Site "Verbandsklasse - Gr. 2 2019/2"]
[Date "2020.01.19"]
[Round "5.6"]
[White "Boecker, Juergen"]
[Black "Jaehnicke, Karl-Heinz"]
[Result "1/2-1/2"]
[WhiteElo "1857"]
[BlackElo "1742"]
[PlyCount "103"]
[EventDate "2020.??.??"]
[WhiteTeam "SW Oberhausen 1"]
[BlackTeam "SV Rochade Eving 1"]

1. e4 e5 2. Nf3 d6 3. d4 exd4 4. Nxd4 Nf6 5. Nc3 a6 6. a4 Be7 7. Be2 O-O 8. O-O
c5 9. Nf3 Nc6 10. Bf4 Bg4 11. Ng5 Bxe2 12. Qxe2 Nd4 13. Qd1 Qb6 14. Rb1 Qc6 15.
Re1 Rad8 16. Nf3 Nxf3+ 17. Qxf3 Rfe8 18. Rbd1 b5 19. axb5 axb5 20. Nd5 Nxd5 21.
exd5 Qb7 22. Qg3 Bf6 23. Bg5 Bxg5 24. Qxg5 h6 25. Qf5 c4 26. Kf1 Qc7 27. f4 b4
28. Rxe8+ Rxe8 29. Re1 Rxe1+ 30. Kxe1 Qc5 31. Ke2 g6 32. Qe4 Qb5 33. Kd2 Qc5
34. Ke2 b3 35. cxb3 cxb3 36. Qe8+ Kg7 37. Qc6 Qd4 38. Qc1 Qxd5 39. Qc3+ Kh7 40.
Kf2 Qe6 41. g3 h5 42. Kf3 h4 43. Kf2 h3 44. Qd3 Kg8 45. Kf3 f5 46. Kf2 Kh7 47.
Qd4 Qe7 48. Qd5 Qa7+ 49. Kf3 Qb8 50. g4 fxg4+ 51. Kxg4 Qc8+ 52. Kg3 1/2-1/2

[Event "SW Oberhausen 1 - SV Rochade Eving 1"]
[Site "Verbandsklasse - Gr. 2 2019/2"]
[Date "2020.01.19"]
[Round "5.7"]
[White "Krams, Amatus"]
[Black "Matthies, Jochen"]
[Result "1/2-1/2"]
[WhiteElo "1718"]
[BlackElo "1766"]
[PlyCount "24"]
[EventDate "2020.??.??"]
[WhiteTeam "SV Rochade Eving 1"]
[BlackTeam "SW Oberhausen 1"]

1. e4 d6 2. d4 Nf6 3. Nc3 Nbd7 4. f4 e5 5. fxe5 dxe5 6. dxe5 Nxe5 7. Qxd8+ Kxd8
8. Bf4 Bd6 9. O-O-O Ke7 10. h3 Nd3+ 11. Bxd3 Bxf4+ 12. Kb1 c6 1/2-1/2

[Event "SW Oberhausen 1 - SV Rochade Eving 1"]
[Site "Verbandsklasse - Gr. 2 2019/2"]
[Date "2020.01.19"]
[Round "5.8"]
[White "Zimmer, Javier Miguel"]
[Black "Vollenberg, Joerg"]
[Result "1-0"]
[WhiteElo "1753"]
[BlackElo "1528"]
[PlyCount "65"]
[EventDate "2020.??.??"]
[WhiteTeam "SW Oberhausen 1"]
[BlackTeam "SV Rochade Eving 1"]

1. d4 Nf6 2. Bf4 d6 3. Nc3 Bf5 4. f3 Nbd7 5. e4 Bg6 6. g4 e5 7. Be3 exd4 8.
Qxd4 a6 9. h4 h6 10. h5 Bh7 11. O-O-O Ne5 12. g5 Nfd7 13. gxh6 gxh6 14. Bh3 f6
15. f4 c5 16. Qd5 Nc6 17. Qe6+ Qe7 18. Qxd7+ Qxd7 19. Bxd7+ Kxd7 20. Bxc5 Re8
21. f5 Bg8 22. Nf3 Kc7 23. Bf2 Bf7 24. Rdg1 Rg8 25. Rxg8 Bxg8 26. Nh4 Be7 27.
Ng6 Bd8 28. Be3 b5 29. a3 Kd7 30. Bxh6 Ba5 31. b4 Bb6 32. Nd5 Bd4 33. c3 1-0

[Event "SC Rochade Rüttenscheid 1 - SG Bochum 3"]
[Site "Verbandsklasse - Gr. 2 2019/2"]
[Date "2020.01.19"]
[Round "5.2"]
[White "Dorgarten, Armin"]
[Black "Fistoul, Boris"]
[Result "1-0"]
[WhiteElo "1926"]
[BlackElo "2074"]
[PlyCount "33"]
[EventDate "2020.??.??"]
[WhiteTeam "SC Rochade Rüttenscheid 1"]
[BlackTeam "SG Bochum 3"]

1. d4 f5 2. Nf3 Nf6 3. Bf4 g6 4. h4 Bg7 5. Nc3 c6 6. h5 Nxh5 7. Rxh5 gxh5 8. e3
O-O 9. Ng5 h6 10. Nh3 d6 11. Qxh5 Qe8 12. Qh4 e5 13. dxe5 dxe5 14. Bxh6 Be6 15.
Ng5 Qg6 16. Nxe6 Qxe6 17. Bc4 1-0

[Event "SC Rochade Rüttenscheid 1 - SG Bochum 3"]
[Site "Verbandsklasse - Gr. 2 2019/2"]
[Date "2020.01.19"]
[Round "5.3"]
[White "Boehle, Lars"]
[Black "Koprek, Juergen"]
[Result "1/2-1/2"]
[WhiteElo "2109"]
[BlackElo "1874"]
[PlyCount "26"]
[EventDate "2020.??.??"]
[WhiteTeam "SG Bochum 3"]
[BlackTeam "SC Rochade Rüttenscheid 1"]

1. d4 d5 2. Nf3 Nf6 3. e3 e6 4. c4 c6 5. Nbd2 Bd6 6. Bd3 Nbd7 7. O-O O-O 8. e4
dxe4 9. Nxe4 Nxe4 10. Bxe4 c5 11. Re1 cxd4 12. Nxd4 Nf6 13. Bg5 h6 1/2-1/2

[Event "SC Rochade Rüttenscheid 1 - SG Bochum 3"]
[Site "Verbandsklasse - Gr. 2 2019/2"]
[Date "2020.01.19"]
[Round "5.4"]
[White "Storp, Thomas"]
[Black "Finke, Dominik"]
[Result "1-0"]
[WhiteElo "1832"]
[BlackElo "1968"]
[Annotator "Daniel"]
[PlyCount "55"]
[EventDate "2020.??.??"]
[WhiteTeam "SC Rochade Rüttenscheid 1"]
[BlackTeam "SG Bochum 3"]

1. Nf3 Nf6 2. d4 e6 3. Nc3 d5 4. e3 c5 5. Be2 Be7 6. O-O O-O 7. b3 Nc6 8. Bb2
a6 9. Na4 cxd4 10. Nxd4 Bd7 11. Nxc6 Bxc6 12. Nc3 Rc8 13. Nb1 b5 14. Nd2 Qb6
15. Bd4 Bc5 16. c3 a5 17. a3 Ne4 18. Nxe4 dxe4 19. b4 Bxd4 20. Qxd4 Qc7 $11 21.
Rfd1 Rfd8 22. Qc5 axb4 23. cxb4 Be8 24. Qxc7 Rxd1+ 25. Rxd1 Rxc7 26. Bxb5 Kf8
27. Bxe8 Kxe8 28. g3 1-0

[Event "SC Rochade Rüttenscheid 1 - SG Bochum 3"]
[Site "Verbandsklasse - Gr. 2 2019/2"]
[Date "2020.01.19"]
[Round "5.5"]
[White "Walny, Benjamin"]
[Black "Furchtbar, Uwe"]
[Result "0-1"]
[WhiteElo "1787"]
[BlackElo "1825"]
[PlyCount "92"]
[EventDate "2020.??.??"]
[WhiteTeam "SG Bochum 3"]
[BlackTeam "SC Rochade Rüttenscheid 1"]

1. e4 e5 2. Nf3 Nc6 3. Bc4 Bc5 4. c3 Nf6 5. d3 d6 6. O-O a6 7. Bb3 h6 8. Nbd2
O-O 9. h3 Re8 10. Re1 Be6 11. Nf1 d5 12. Nxe5 Bxf2+ 13. Kxf2 Nxe5 14. Bf4 Ng6
15. Bh2 dxe4 16. dxe4 Bxb3 17. Qxb3 Nxe4+ 18. Kg1 Qg5 19. Qc2 Qc5+ 20. Re3 Re6
21. Rae1 Rae8 22. Kh1 Qf5 23. Kg1 Qc5 24. Qd3 Nh4 25. Bxc7 Nf5 26. b4 Qa7 27.
Kh2 Nxe3 28. Rxe3 b5 29. Bg3 Nxg3 30. Rxg3 Qc7 31. Kh1 Re1 32. Rf3 Qe5 33. Kg1
Re2 34. a3 Re6 35. Qd7 Re7 36. Qc8+ Kh7 37. Qxa6 Rc7 38. a4 bxa4 39. Qd3+ Kg8
40. Qd8+ Kh7 41. Qd3+ Qe4 42. Nd2 Qxd3 43. Rxd3 a3 44. b5 a2 45. Nb3 Rb2 46. b6
Rb7 0-1

[Event "SC Rochade Rüttenscheid 1 - SG Bochum 3"]
[Site "Verbandsklasse - Gr. 2 2019/2"]
[Date "2020.01.19"]
[Round "5.6"]
[White "Bruckmann, Jochen"]
[Black "Stachnik, Adam"]
[Result "1/2-1/2"]
[WhiteElo "1799"]
[BlackElo "1801"]
[PlyCount "76"]
[EventDate "2020.??.??"]
[WhiteTeam "SC Rochade Rüttenscheid 1"]
[BlackTeam "SG Bochum 3"]

1. e4 c5 2. d4 cxd4 3. c3 dxc3 4. Nxc3 Nc6 5. Bc4 d6 6. Nf3 e6 7. O-O Nf6 8.
Qe2 a6 9. a4 Be7 10. Rd1 Qc7 11. Bf4 e5 12. Be3 Bg4 13. Rac1 O-O 14. Ba2 Qa5
15. h3 Bh5 16. g4 Bg6 17. Nd2 Qb4 18. f3 Qxb2 19. Qc4 Qb4 20. Qd3 Qa5 21. Nc4
Qc7 22. Rb1 d5 23. Nxd5 Nxd5 24. Qxd5 b5 25. Nb6 Rad8 26. Qb3 Nd4 27. Bxd4 exd4
28. Nd5 Qg3+ 29. Kf1 Qxh3+ 30. Kg1 Qg3+ 31. Kf1 Bh4 32. Rb2 bxa4 33. Qd3 Qe5
34. Qxd4 Qg3 35. Qe3 Qe5 36. Rbd2 h5 37. gxh5 Bxh5 38. f4 Qb8 1/2-1/2

[Event "SC Rochade Rüttenscheid 1 - SG Bochum 3"]
[Site "Verbandsklasse - Gr. 2 2019/2"]
[Date "2020.01.19"]
[Round "5.7"]
[White "Gausmann, Thomas"]
[Black "Kiparski, Manuel"]
[Result "0-1"]
[WhiteElo "1681"]
[BlackElo "1770"]
[PlyCount "64"]
[EventDate "2020.??.??"]
[WhiteTeam "SG Bochum 3"]
[BlackTeam "SC Rochade Rüttenscheid 1"]

1. e4 e5 2. Nf3 Nc6 3. Nc3 Nf6 4. d4 exd4 5. Nxd4 Bb4 6. Nxc6 bxc6 7. Bd3 d5 8.
exd5 cxd5 9. O-O O-O 10. h3 c6 11. Qf3 Re8 12. Bf4 Bd6 13. Rfe1 Be6 14. Ne2 Rb8
15. b3 Bxf4 16. Qxf4 c5 17. Rad1 Qa5 18. Bf5 Rb4 19. Qf3 Bxf5 20. Qxf5 Rbe4 21.
Qf3 d4 22. Qd3 Nd5 23. Qd2 Qxd2 24. Rxd2 Nc3 25. Kf1 f5 26. f3 Re3 27. Kf2 f4
28. a3 g5 29. Kf1 h5 30. Kf2 g4 31. hxg4 hxg4 32. fxg4 Ne4+ 0-1

[Event "SC Rochade Rüttenscheid 1 - SG Bochum 3"]
[Site "Verbandsklasse - Gr. 2 2019/2"]
[Date "2020.01.19"]
[Round "5.8"]
[White "Luecking, Joerg"]
[Black "Illner, Jan"]
[Result "1/2-1/2"]
[WhiteElo "1727"]
[BlackElo "1632"]
[PlyCount "50"]
[EventDate "2020.??.??"]
[WhiteTeam "SC Rochade Rüttenscheid 1"]
[BlackTeam "SG Bochum 3"]

1. e4 e5 2. Nf3 Nf6 3. Nc3 Bb4 4. Bc4 d6 5. d3 Bg4 6. O-O Bxc3 7. bxc3 O-O 8.
Rb1 b6 9. Bg5 c6 10. h3 Bh5 11. g4 Bg6 12. Nh4 d5 13. exd5 cxd5 14. Bxf6 gxf6
15. Bb3 Qd6 16. Nf5 Bxf5 17. gxf5 Nc6 18. Kh1 Kh8 19. Qh5 Qd7 20. Rg1 Rg8 21.
Ba4 d4 22. Qf3 Rac8 23. Rxg8+ Kxg8 24. Rg1+ Kf8 25. Qh5 dxc3 1/2-1/2

[Event "SK Sodingen/Castrop 3 - FS Dortmund 1"]
[Site "Verbandsklasse - Gr. 2 2019/2"]
[Date "2020.01.19"]
[Round "5.1"]
[White "Reichmann, Oleg"]
[Black "Zobiegala, Christoph"]
[Result "1-0"]
[WhiteElo "2031"]
[BlackElo "1954"]
[PlyCount "41"]
[EventDate "2020.??.??"]
[WhiteTeam "FS Dortmund 1"]
[BlackTeam "SK Sodingen/Castrop 3"]

1. Nf3 c5 2. g3 Nc6 3. Bg2 g6 4. d3 Bg7 5. O-O e6 6. e4 Nge7 7. c3 O-O 8. Nbd2
d5 9. Re1 Re8 10. h3 b6 11. Qa4 Bd7 12. Qc2 Rc8 13. Nf1 b5 14. N1h2 h6 15. Ng4
Kh7 16. Bd2 Ng8 17. e5 d4 18. Re4 Nce7 19. cxd4 cxd4 20. Qb3 h5 21. Ng5+ 1-0

[Event "SK Sodingen/Castrop 3 - FS Dortmund 1"]
[Site "Verbandsklasse - Gr. 2 2019/2"]
[Date "2020.01.19"]
[Round "5.2"]
[White "Lucke, Thomas"]
[Black "Khess, Igor"]
[Result "1/2-1/2"]
[WhiteElo "1851"]
[BlackElo "1968"]
[Annotator "Daniel"]
[PlyCount "87"]
[EventDate "2020.??.??"]
[WhiteTeam "SK Sodingen/Castrop 3"]
[BlackTeam "FS Dortmund 1"]

1. d4 Nf6 2. Nf3 g6 3. g3 Bg7 4. Bg2 O-O 5. O-O d5 6. c4 dxc4 7. Na3 c6 8. Nxc4
Be6 9. Nce5 Nbd7 10. Nd3 Nb6 11. b3 Ne4 12. Bb2 a5 13. Nfe5 Nd6 14. Nc5 Bc8 15.
e4 Nb5 16. a4 Nc7 17. Qc2 Ne6 18. Rfd1 Qc7 19. Nc4 Nxc4 20. Qxc4 Nxc5 21. Qxc5
b6 22. Qc2 $11 Bb7 23. Rac1 Qd7 24. e5 Rac8 25. Qe2 e6 26. Ba3 Rfd8 27. Qe3 Bf8
28. Bxf8 Kxf8 29. Bf3 Kg7 30. h4 Qe7 31. Qg5 Qxg5 32. hxg5 Rd7 33. Rc2 Ba8 34.
Kf1 Bb7 35. Ke2 h5 36. gxh6+ Kxh6 37. Ke3 Kg7 38. Rdc1 Rdc7 39. Be4 Kf8 40. f4
Ke7 41. d5 exd5 42. Bxd5 c5 43. Bxb7 Rxb7 44. Rc4 1/2-1/2

[Event "SK Sodingen/Castrop 3 - FS Dortmund 1"]
[Site "Verbandsklasse - Gr. 2 2019/2"]
[Date "2020.01.19"]
[Round "5.3"]
[White "Mewes, Karsten"]
[Black "Balke, Reiner"]
[Result "1-0"]
[WhiteElo "1929"]
[BlackElo "1892"]
[PlyCount "65"]
[EventDate "2020.??.??"]
[WhiteTeam "FS Dortmund 1"]
[BlackTeam "SK Sodingen/Castrop 3"]

1. Nf3 d5 2. c4 e6 3. b3 Nf6 4. Bb2 Be7 5. g3 O-O 6. Bg2 c5 7. e3 Nc6 8. O-O
dxc4 9. bxc4 Qb6 10. Qc2 Nb4 11. Qc3 Nd3 12. Ba3 Rd8 13. Nd4 Nb4 14. Nb3 Rd3
15. Qb2 Bd7 16. Bxb4 Qxb4 17. Qc2 Rd6 18. Nc3 Qxc4 19. Bxb7 Rb8 20. Bf3 Qb4 21.
Rab1 Rc8 22. a3 Qxa3 23. Ra1 Qb4 24. Rfb1 Qb6 25. Na5 Qc7 26. Rb7 Qd8 27. Nc4
Bc6 28. Nxd6 Bxf3 29. Nxc8 Bxb7 30. Nxe7+ Qxe7 31. Rxa7 Ne8 32. Qb2 Nd6 33. Ne4
1-0

[Event "SK Sodingen/Castrop 3 - FS Dortmund 1"]
[Site "Verbandsklasse - Gr. 2 2019/2"]
[Date "2020.01.19"]
[Round "5.4"]
[White "Kowalczyk, Frank"]
[Black "Brendemuehl, Bernd"]
[Result "0-1"]
[WhiteElo "1754"]
[BlackElo "1918"]
[PlyCount "68"]
[EventDate "2020.??.??"]
[WhiteTeam "SK Sodingen/Castrop 3"]
[BlackTeam "FS Dortmund 1"]

1. e4 c5 2. Nf3 g6 3. d4 cxd4 4. Nxd4 Bg7 5. c4 Nc6 6. Be3 Nf6 7. Nc3 Qa5 8. f3
O-O 9. Qd2 e6 10. Be2 d5 11. Nxc6 bxc6 12. O-O dxe4 13. fxe4 Rd8 14. Qc2 Ba6
15. Rac1 Nd7 16. b3 Nc5 17. Nd1 Bd4 18. Bf3 Bxe3+ 19. Nxe3 Rd2 20. Qc3 Qxc3 21.
Rxc3 Rxa2 22. b4 Nd7 23. Rd1 Ne5 24. Rd6 Rb8 25. b5 cxb5 26. cxb5 Rxb5 27. Bd1
Rb1 28. h3 Be2 29. Rc8+ Kg7 30. Rcd8 a5 31. Kh2 h5 32. Kg3 g5 33. Kh2 Bxd1 34.
Rxd1 Rbb2 0-1

[Event "SK Sodingen/Castrop 3 - FS Dortmund 1"]
[Site "Verbandsklasse - Gr. 2 2019/2"]
[Date "2020.01.19"]
[Round "5.5"]
[White "Grube, Joerg"]
[Black "Cobanoglu, Ferhat"]
[Result "0-1"]
[WhiteElo "1862"]
[BlackElo "1743"]
[PlyCount "56"]
[EventDate "2020.??.??"]
[WhiteTeam "FS Dortmund 1"]
[BlackTeam "SK Sodingen/Castrop 3"]

1. d4 d6 2. e4 Nf6 3. Nc3 e5 4. Nf3 Nbd7 5. Bc4 Be7 6. O-O O-O 7. Re1 c6 8. a4
h6 9. b3 Qa5 10. Bb2 Re8 11. Bd3 Bf8 12. Ne2 a6 13. Ng3 g6 14. h3 Bg7 15. dxe5
dxe5 16. Nd2 Nc5 17. Nc4 Qc7 18. Bf1 Nh7 19. Qd6 Qxd6 20. Nxd6 Rd8 21. Rad1 Nf8
22. Rd2 b5 23. Red1 Nfe6 24. a5 f6 25. f3 Nb7 26. b4 Bf8 27. Nxc8 Raxc8 28. Rd7
Bxb4 0-1

[Event "SK Sodingen/Castrop 3 - FS Dortmund 1"]
[Site "Verbandsklasse - Gr. 2 2019/2"]
[Date "2020.01.19"]
[Round "5.6"]
[White "Scheibe, Werner"]
[Black "Lauche, Christoph"]
[Result "0-1"]
[WhiteElo "1826"]
[BlackElo "1805"]
[PlyCount "48"]
[EventDate "2020.??.??"]
[WhiteTeam "SK Sodingen/Castrop 3"]
[BlackTeam "FS Dortmund 1"]

1. d4 Nf6 2. e3 b6 3. Nf3 Bb7 4. Bd3 g6 5. O-O Bg7 6. c4 O-O 7. Nc3 e6 8. Re1
d5 9. h3 Nbd7 10. cxd5 exd5 11. b4 Ne4 12. Bxe4 dxe4 13. Nd2 f5 14. Bb2 Qh4 15.
Ne2 Nf6 16. Nf4 Rae8 17. Qb3+ Kh8 18. g3 Qh6 19. Kg2 g5 20. Ne2 f4 21. gxf4
gxf4 22. Nxf4 Nh5 23. Nxh5 Qxh5 24. Rh1 Qe2 0-1

[Event "SK Sodingen/Castrop 3 - FS Dortmund 1"]
[Site "Verbandsklasse - Gr. 2 2019/2"]
[Date "2020.01.19"]
[Round "5.7"]
[White "Jost, Udo"]
[Black "Behnicke, Eckhard"]
[Result "1/2-1/2"]
[WhiteElo "1813"]
[BlackElo "1688"]
[PlyCount "56"]
[EventDate "2020.??.??"]
[WhiteTeam "FS Dortmund 1"]
[BlackTeam "SK Sodingen/Castrop 3"]

1. e4 d5 2. exd5 Qxd5 3. Nc3 Qd6 4. Nf3 Nf6 5. Bc4 e6 6. Qe2 Be7 7. Nb5 Qd8 8.
d3 a6 9. Nbd4 c5 10. Nxe6 fxe6 11. Bxe6 Bxe6 12. Qxe6 Qd7 13. Qb3 Nc6 14. Be3
Nd5 15. a3 O-O-O 16. O-O Na5 17. Qa2 Nxe3 18. fxe3 Qd5 19. Qxd5 Rxd5 20. Nd2
Bf6 21. Rab1 Bg5 22. Rf3 Bf6 23. b4 cxb4 24. axb4 Nc6 25. Nc4 Kc7 26. d4 Re8
27. c3 Rd7 28. b5 axb5 1/2-1/2

[Event "SK Sodingen/Castrop 3 - FS Dortmund 1"]
[Site "Verbandsklasse - Gr. 2 2019/2"]
[Date "2020.01.19"]
[Round "5.8"]
[White "Schaefer, Michael"]
[Black "Potyrala, Lukasz-Rafal"]
[Result "1/2-1/2"]
[WhiteElo "1655"]
[BlackElo "1632"]
[PlyCount "119"]
[EventDate "2020.??.??"]
[WhiteTeam "SK Sodingen/Castrop 3"]
[BlackTeam "FS Dortmund 1"]

1. d4 g6 2. c4 Bg7 3. e4 d6 4. Nc3 e6 5. Nf3 Ne7 6. Be3 O-O 7. Qd2 c5 8. dxc5
dxc5 9. Qxd8 Rxd8 10. Bxc5 Nbc6 11. Rd1 Bxc3+ 12. bxc3 Rxd1+ 13. Kxd1 b6 14.
Ba3 Ba6 15. Kc2 Rd8 16. Be2 f6 17. Rd1 Rxd1 18. Kxd1 Kf7 19. Nd4 Nxd4 20. cxd4
Nc6 21. d5 exd5 22. exd5 Ne5 23. c5 Bxe2+ 24. Kxe2 bxc5 25. Bxc5 a6 26. Kd2 Ke8
27. Kc3 Kd7 28. f4 Nf7 29. Kb4 Kc8 30. Ka5 Kb7 31. Be7 g5 32. fxg5 fxg5 33. a4
g4 34. Kb4 Ne5 35. Kc5 Nd3+ 36. Kd4 Ne1 37. g3 Nf3+ 38. Ke4 Kc7 39. Kf5 h5 40.
Kg6 Kd7 41. Bc5 h4 42. Kf5 hxg3 43. hxg3 Nh2 44. a5 Nf3 45. Kxg4 Ne5+ 46. Kf5
Nc4 47. Kf6 Nxa5 48. Bb4 Nc4 49. Bc5 Nd6 50. Bxd6 Kxd6 51. g4 a5 52. g5 a4 53.
g6 a3 54. g7 a2 55. g8=Q a1=Q+ 56. Kf7 Qa7+ 57. Kf6 Qd4+ 58. Kf7 Qxd5+ 59. Kf8
Qxg8+ 60. Kxg8 1/2-1/2

[Event "SC Mülheim 1 - SV Wattenscheid 3"]
[Site "Verbandsklasse - Gr. 2 2019/2"]
[Date "2020.01.19"]
[Round "5.1"]
[White "Leveikina, Jevgenija"]
[Black "Viebahn, Dirk"]
[Result "0-1"]
[WhiteElo "2020"]
[BlackElo "2139"]
[PlyCount "82"]
[EventDate "2020.??.??"]
[WhiteTeam "SV Wattenscheid 3"]
[BlackTeam "SC Mülheim 1"]

1. d4 Nf6 2. Bf4 d5 3. e3 c6 4. Nd2 Nbd7 5. Ngf3 g6 6. h3 Bg7 7. Bd3 Nf8 8. Ne5
Bf5 9. Bxf5 gxf5 10. g4 Ng6 11. Qf3 Qc8 12. O-O-O Ne4 13. Nd3 Qe6 14. Qg2 Nh4
15. gxf5 Nxg2 16. fxe6 Nxf4 17. Nxf4 Nxf2 18. exf7+ Kxf7 19. Nf3 Bf6 20. Rhf1
Nxd1 21. Kxd1 Ke8 22. Ne6 Kd7 23. Nc5+ Kc7 24. Ne5 Bxe5 25. dxe5 b6 26. Ne6+
Kd7 27. Nf4 Raf8 28. e6+ Kd6 29. Ke2 Rhg8 30. Kf3 Rg6 31. c4 Rxe6 32. cxd5 cxd5
33. Rd1 Re5 34. Rg1 Ref5 35. Ke2 e5 36. Nd3 R8f7 37. Rg8 Rh5 38. Rg3 Rf6 39.
Nf2 Rg6 40. Rf3 Ke6 41. a3 Rf5 0-1

[Event "SC Mülheim 1 - SV Wattenscheid 3"]
[Site "Verbandsklasse - Gr. 2 2019/2"]
[Date "2020.01.19"]
[Round "5.2"]
[White "Langschmidt, Dirk"]
[Black "Dick, Matthias"]
[Result "1/2-1/2"]
[WhiteElo "2013"]
[BlackElo "1994"]
[PlyCount "47"]
[EventDate "2020.??.??"]
[WhiteTeam "SC Mülheim 1"]
[BlackTeam "SV Wattenscheid 3"]

1. e4 e6 2. d4 d5 3. Nc3 dxe4 4. Nxe4 Nd7 5. Nf3 Ngf6 6. Nxf6+ Nxf6 7. Bc4 c5
8. O-O a6 9. Be3 Qc7 10. a4 cxd4 11. Qxd4 Be7 12. Rfd1 O-O 13. Bf4 Qc5 14. Bb3
Bd7 15. Bd6 Bxd6 16. Qxd6 Rac8 17. Ne5 Rfd8 18. Rd4 Qxd6 19. Rxd6 Be8 20. Rad1
Rxd6 21. Rxd6 Ne4 22. Rb6 Nc5 23. c3 Nxb3 24. Rxb3 1/2-1/2

[Event "SC Mülheim 1 - SV Wattenscheid 3"]
[Site "Verbandsklasse - Gr. 2 2019/2"]
[Date "2020.01.19"]
[Round "5.3"]
[White "Wolf, Ulrich"]
[Black "Riese, Manfred"]
[Result "1-0"]
[WhiteElo "1983"]
[BlackElo "1863"]
[PlyCount "69"]
[EventDate "2020.??.??"]
[WhiteTeam "SV Wattenscheid 3"]
[BlackTeam "SC Mülheim 1"]

1. Nf3 d6 2. c4 Nf6 3. Nc3 c6 4. e4 Bg4 5. Be2 Nbd7 6. O-O g6 7. d3 Bg7 8. Be3
O-O 9. Qd2 Re8 10. b4 Qc7 11. Rab1 a6 12. a4 Bxf3 13. Bxf3 Rab8 14. Rfc1 e6 15.
h3 c5 16. g4 Ne5 17. Bg2 Nfd7 18. b5 f6 19. f4 Nf7 20. f5 Qa5 21. fxe6 Rxe6 22.
Qc2 f5 23. gxf5 gxf5 24. Nd5 fxe4 25. Bxe4 Qd8 26. bxa6 bxa6 27. Rxb8 Nxb8 28.
Qg2 Kh8 29. Qg4 Re5 30. Kh1 Nh6 31. Qg2 Nc6 32. Rg1 Qf8 33. Bf4 Rh5 34. Bxd6
Qf7 35. Nf4 1-0

[Event "SC Mülheim 1 - SV Wattenscheid 3"]
[Site "Verbandsklasse - Gr. 2 2019/2"]
[Date "2020.01.19"]
[Round "5.5"]
[White "Meyer, Juergen"]
[Black "Straenger, Petra"]
[Result "0-1"]
[WhiteElo "1865"]
[BlackElo "1795"]
[PlyCount "64"]
[EventDate "2020.??.??"]
[WhiteTeam "SV Wattenscheid 3"]
[BlackTeam "SC Mülheim 1"]

1. e4 d5 2. exd5 Qxd5 3. Nc3 Qa5 4. d4 c6 5. Nf3 Nf6 6. Bd2 Bf5 7. Bc4 e6 8.
O-O Qc7 9. Re1 Bd6 10. Bg5 Be7 11. Qe2 O-O 12. Rad1 b5 13. Bd3 Bxd3 14. Rxd3
Nd5 15. Nxd5 cxd5 16. Rc3 Qb7 17. Bxe7 Qxe7 18. Qxb5 Qd7 19. Qd3 Qd8 20. Ne5
Qa5 21. a3 Qb6 22. b4 f6 23. Nf3 Nd7 24. Qe2 e5 25. dxe5 fxe5 26. Re3 Rae8 27.
c4 e4 28. Nd2 Ne5 29. cxd5 Nd3 30. Nxe4 Nxe1 31. Nf6+ Qxf6 32. Rxe8 Nf3+ 0-1